Of the Red, the Light, and the Ayakashi, Vol 4 /

When Tougo invites Akiyoshi and Yue over for dinner as a thank-you, all that's on the menu is food and fun. But when Tougo's father catches sight of Yue, he is startled and blurts out the name "Yoshiki." What exactly is the connection between this Yoshiki--to whom it seems Tougo...

Full description

Bibliographic Details
Corporate Author: Library Pass, LLC
Format: eBook
Language:English
Published: [United States] : Yen Press, 2022.
Subjects:
Online Access:Connect to this electronic book (First time users create your free account)

MARC

Tag First Indicator Second Indicator Subfields
LEADER 00000nmm a22000001a 4500
001 in00004609331
006 m|||||o||m||||||||
007 cr|cn |||uuuuu
008 221118s2022 xxu||||eo|||| ||||||eng d
005 20221207213237.7
035 |a (TxWaIVM)IV89865YeOf 
040 |a TxWaIVM  |c TxWaIVM 
245 0 0 |a Of the Red, the Light, and the Ayakashi, Vol 4 /  |c powered by Library Pass. 
260 3 |a [United States] :  |b Yen Press,  |c 2022. 
300 |a 1 online resource. 
336 |a text  |b txt  |2 rdacontent 
337 |a computer  |b c  |2 rdamedia 
338 |a online resource  |b cr  |2 rdacarrier 
520 |a When Tougo invites Akiyoshi and Yue over for dinner as a thank-you, all that's on the menu is food and fun. But when Tougo's father catches sight of Yue, he is startled and blurts out the name "Yoshiki." What exactly is the connection between this Yoshiki--to whom it seems Tougo owes his life--and Yue? And what kind of relationship existed between Yoshiki and Tougo's mother?! The secret behind the Meal is at long last revealed... 
521 |a 4 
538 |a Requires a valid library card and registration for new users. 
538 |a Mode of access: World Wide Web. 
538 |a System requirements: Flash 10.1 or higher, Windows XP and higher, Internet Explorer 7 and higher, Firefox 3.6 and higher, Google Chrome; Max OS 10.5 and higher, Safari 4 and higher. 
650 0 |a Fantasy comic books, strips, etc. 
655 7 |a Electronic books.  |2 local 
655 7 |a Fantasy comic books, strips, etc.  |2 gsafd 
650 0 |a Horror comic books, strips, etc. 
655 7 |a Horror comic books, strips, etc.  |2 gsafd 
650 0 |a Comic books, strips, etc. 
655 7 |a Comic books, strips, etc.  |2 gsafd 
650 0 |a Seinen 
655 7 |a Seinen  |2 gsafd 
710 2 |a Library Pass, LLC. 
856 4 0 |u http://proxy.library.tamu.edu/login?url=https://tamu.librarypass.com/product/yen.press.of.the.red.the.light.and.the.ayakashi.vol.4.english.08032022  |z Connect to this electronic book (First time users create your free account)  |t 0 
955 |a Comics Plus. 
999 f f |s 0947a5f4-7e3d-4c05-acb7-ba8e9992db49  |i ca0a5089-8377-43e5-a141-b1dcb55a3dfb  |t 0 
952 f f |a Texas A&M University  |b College Station  |c Electronic Resources  |d Available Online  |t 0  |h Library of Congress classification 
998 f f |t 0  |l Available Online